02122agaaa2200289 45000010005000000030009000050050017000140070009000310080040000400400023000800410013001031000048001161300038001642450243002022500022004452600124004673000034005915080190006255110087008155200669009025380016015715460013015876500059016007000060016597000056017197000057017758728IT-RoPAU20220918181231.0d cvaizq50131s9999||||xx ||| | || ||und|| aIT-RoPAUcIT-RoPAU aITALIANO aCosta FabriziogCodice regista SPICS: 50379 aPAOLO VI - IL PAPA NELLA TEMPESTA aPAOLO VI - IL PAPA NELLA TEMPESTAcProdotto da: Bernabei M. E L. -- Sceneggiatura: Arlanch Francesco Nuccetelli Maura Pagano Gianmario -- Diretto da: Costa FabriziopPAOLO VI - IL PAPA NELLA TEMPESTA (Rif. Codice opera principale : H8728) aEdizione Standard a(ITALIA)bLUX VIDE - RAI FICTION / Distribuzione: MULTIMEDIA SAN PAOLOg"2008 (1° ed.: 2009 ; Ed. Lingua Orig.: 2008)" aDVDbsonoro, col.c180 minuti a"Fotografia: Galasso Giovanni; Montaggio: Corradi Alessandro; Musica: Frisina Marco; Sceneggiatura: Arlanch Francesco Nuccetelli Maura Pagano Gianmario; Scenografia: Geleng Antonello; " a"Gifuni Fabrizio; Marino Mauro; Catania Antonio; Rigillo Mariano; Botosso Claudio" a"FILM TV ANDATO IN ONDA SU RAIUNO NEL 2008. BIOGRAFIA DEL PAPA CHE HA TRAGHETTATO LA CHIESA NELLA MODERNITA'. PRIMO PAPA A VIAGGIARE IN AEREO TOCCANDOTUTTI I CONTINENTI. PRIMO PAPA A TORNARE IN PALESTINA. IL PRIMO A RIABBRACCIARE IL PATRIARCA ORTODOSSO. IL PRIMO PAPA A PARLARE ALLE NAZIONI UNITE. UOMO DEL DIALOGO E DEL CONFRONTO, UOMO DI FEDE E DI LIBERTA'. PORTO' A COMPIMENTO IL CONCILIO VOLUTO DAL SUO PREDECESSORE. UOMO DI AMICIZIA E DI PACE, ACCETTO' IL DOLORE DELL'INCOMPRENSIONE PER AMORE DELLA VERITA', MA VOLLE ANCHE RIVOLGERSI ALLE BRIGATE ROSSE, PUR DI SALVARE LA VITA DI UN UOMO. CONTENUTI EXTRA: BACKSTAGE, INTERVISTE CON ATTORI E REGISTA; TRAILER." aPAL, STEREO aITALIANO aBIOGRAFICOeDVD-FILM [DVD]xCodice MATERIA SPICS: 9947 aCosta Fabrizio e(regista)gCodice regista SPICS: 50379 aFrisina Marcoe(musica)gCodice Musica SPICS: 38406 aRoss Gary e(soggetto)gCodice Soggetto SPICS: 42617